Music Quiz

Random Music or Nintendo Quiz

Can you name the saxophones? Quiz Stats

 Plays Quiz not verified by Sporcle

Challenge
Share
Tweet
Embed
Score 0/7 Timer 01:00
0 Plays Today
Saxophone % Correct
Alto
99.6%
Tenor
97.8%
Soprano
94.4%
Baritone
93.7%
Bass
87.9%
Contrabass
74%
Sopranino
59.4%

You're not logged in!

Compare scores with friends on all Sporcle quizzes.
Join for Free
OR
Log In

You Might Also Like...

Show Comments

Extras

Created May 15, 2011ReportNominate
Tags:Nintendo Quiz

Top Quizzes Today


Score Distribution

Your Account Isn't Verified!

In order to create a playlist on Sporcle, you need to verify the email address you used during registration. Go to your Sporcle Settings to finish the process.

Report this User

Report this user for behavior that violates our Community Guidelines.

Details: